000 00529nam a2200205Ia 4500
005 20230429114843.0
008 131103s9999 xx 000 0 und d
040 _aLoreto College
041 _aEnglish
082 _a823.8
_bELI-JON
100 _aJones, R.T.
245 _aGeorge Eliot's 'Adam bede'
_cR.T.Jones
260 _aNew york
_bMacmillan
_c1968
300 _a72p.
630 _aEnglish fiction-ciriticism
650 _aEliot, George-ciriticism
651 _aEnglish literature
850 _aLCLIB
942 _cBK
999 _c22560
_d73039